Tribal women in the new profile: vis-a-vis their non-tribal twins (Record no. 4212)
[ view plain ]
| 000 -LEADER | |
|---|---|
| fixed length control field | 00488nam a2200145Ia 4500 |
| 020 ## - INTERNATIONAL STANDARD BOOK NUMBER | |
| ISBN | 81-261-1022-8 |
| 082 ## - DEWEY DECIMAL CLASSIFICATION NUMBER | |
| Classification number | 305.48800954 SAH-T |
| 100 ## - MAIN ENTRY--AUTHOR NAME | |
| Personal name | Sahay, Sarita |
| 245 #0 - TITLE STATEMENT | |
| Title | Tribal women in the new profile: vis-a-vis their non-tribal twins |
| 260 ## - PUBLICATION, DISTRIBUTION, ETC. (IMPRINT) | |
| Place of publication | New Delhi |
| Name of publisher | Anmol Publications |
| Year of publication | 2002 |
| 300 ## - PHYSICAL DESCRIPTION | |
| Number of Pages | x, 209 |
| 504 ## - BIBLIOGRAPHY, ETC. NOTE | |
| Bibliography, etc | includes bibliography and index |
| 650 ## - SUBJECT ADDED ENTRY--TOPICAL TERM | |
| Topical Term | Tribes |
| Form subdivision | Employment |
| -- | Social conditions |
| Geographic subdivision | India; Women |
| -- | India; Role conflict; Social role; Women |
| 942 ## - ADDED ENTRY ELEMENTS (KOHA) | |
| Koha item type | Books |
| Withdrawn status | Lost status | Damaged status | Not for loan | Home library | Current library | Date acquired | Source of acquisition | Bill Date | Full call number | Accession Number | Price effective from | Koha item type |
|---|---|---|---|---|---|---|---|---|---|---|---|---|
| NASSDOC Library | NASSDOC Library | 29/07/2005 | Gifted by : North East Gender and Minori | 2005-05-20 | 305.48800954 SAH-T | 40783 | 18/04/2019 | Books |
